000 01315cam a22003737a 4500
003 CHAP
005 20250913062741.0
008 971013s1986 r 00010 d
010 _a11161
011 _a12133
035 _a14291
040 _cCHAP
090 _aTesis
100 0 0 _aCruz García, Javier.
_929391
245 0 _aEstudio de tres métodos de labranza (convencional, mínima y cero) en siete asociaciones de suelos en el área de influencia Chapingo
260 _aChapingo, Méx. :
_bEl autor,
_c1986
300 _a112 h.
_b; apénd. ; gráfs.
502 _aTesis (Ing. Agrónomo Esp. en Suelos) -- UACH. Departamento de Suelos
590 _aALEPH
_b10
_c20130110
_lUCH01
_h1228
590 _aBATCH-UPD
_b10
_c20130110
_lUCH01
_h1450
590 _aBATCH-UPD
_b10
_c20130410
_lUCH01
_h0917
590 _aBATCH-UPD
_b10
_c20130914
_lUCH01
_h0926
590 _aCONVERSION
_b10
_c20130109
_lUCH01
_h1307
650 1 4 _aLabranza cero.
_964307
650 1 4 _aLabranza mínima.
_964309
650 1 7 _aLabranza
_xEfecto en suelos
_2
_964305
650 1 4 _aMaíz
_xRendimiento.
_971051
650 1 4 _aSuelos
_zMéxico (Edo.).
_9110525
700 0 _aChávez Aguilera, Noel.
_922656
901 _aBK
942 _cTESIS
949 _bBC
_cTES
_d-146079
_eTS1
_h18829
_i14291
_si
949 _bS
_cTESBD
_d-26430
_eTS1
_i14291
_si
999 _c11161
_d11161